Macaulay Culkin Filmography - Statistics

General Stats
  • This quiz has been taken 122 times
    38 since last reset
  • The average score is 12 of 66
Answer Stats
Type Year Name % Correct
Film 1990 Home Alone
94%
Film 1992 Home Alone 2: Lost in New York
94%
Film 1993 The Good Son
69%
Film 1991 My Girl
63%
Film 1989 Uncle Buck
63%
Film 2003 Party Monster
44%
TV Show 1991 Saturday Night Live
44%
Film 1994 The Pagemaster
44%
Film 1994 Getting Even with Dad
38%
Film 1988 Rocket Gibraltar
38%
Music Video 1991 Black or White
31%
Film 1991 Only the Lonely
31%
Music Video 1998 Sunday
31%
Commercial 2018-2019 Google Assistant
25%
Film 1990 Jacob's Ladder
25%
Film 2004 Saved!
25%
Film 1989 See You in the Morning
25%
Film 1993 The Nutcracker
25%
TV Show 2021 American Horror Story
19%
Web Series 2025 Fallout
19%
TV Show 2005, 2006, 2010 Robot Chicken
19%
Film 2007 Sex and Breakfast
19%
Film 2011 The Wrong Ferarri
19%
TV Show 2003 Will & Grace
19%
Film 2015 Adam Green's Aladdin
13%
Music Video 1992 All Alone on Christmas
13%
Web Series 2018 Angry Video Game Nerd
13%
Film 2019 Changeland
13%
Web Series 2019 Dollface
13%
Web Series 2022 Entergalactic
13%
TV Film 2004 Foster Hall
13%
TV Show 1994 Frasier
13%
TV Show 2009 Kings
13%
Film 1994 Ri¢hie Ri¢h
13%
Web Series 2025 Running Point
13%
Music Video 2024 Santa Baby
13%
TV Show 1988 The Equalizer
13%
TV Show 2020 The Eric Andre Show
13%
TV Film 1985 The Midnight Hour
13%
Web Special 2022 The Paloni Show! Halloween Special!
13%
TV Show 2022 The Righteous Gemstones
13%
Web Series 2024, 2025 The Second Best Hospital in the Galaxy
13%
TV Show 1991 Wish Kid
13%
Short Film 2017 Cabiria, Charity, Chastity
6%
Web Series 2015, 2017 :Dryvrs
6%
Web Series 2018 Half in the Bag
6%
Film 2004 Jerusalemski Sindrom
6%
Theater 2000, 2001 Madame Melville
6%
Web Series 2018-2019 re:View
6%
Commercial 1992 Sprite
6%
TV Show 2015-2016 The Jim Gaffigan Show
6%
TV Show 2022 All Elite Wrestling: Dynamite
0%
Theater 1984 Bach Babies
0%
Web Series 2015, 2018, 2019 Best of the Worst
0%
TV Show 2023 Celebrity Jeopardy!
0%
Commercial 2016 Compare the Market
0%
Web Series 2019 Good Mythical Morning
0%
Web Series 2018 James & Mike Mondays
0%
Short Film 2013 Macaulay Culkin Eating a Slice of Pizza
0%
Documentary TBA Macaulay Culkin's Midlife Crisis
0%
TV Show 1991 Motormouth
0%
Web Series 2018 Rental Reviews
0%
Web Special 2021 The LCD Soundsystem Holiday Special
0%
TV Special 2019 ToeJam & Earl's Super Funky Telethon
0%
Music Video 2017 Total Entertainment Forever
0%
TV Show 2009, 2025 WWE Raw
0%
No matching quizzes found
Score Distribution
Percent of People with Each Score
Percentile by Number Answered
Your Score History
You have not taken this quiz since the last reset